Detalles MARC
| 000 -ENCABEZADO |
| Número de control [NR] |
02349cam a2200289 a 4500 |
| 005 - FECHA Y HORA DE LA ÚLTIMA TRANSACCIÓN |
| control field |
20140903174854.0 |
| 008 - DE LONGITUD FIJA DE DATOS DE ELEMENTOS - INFORMACIÓN GENERAL |
| Elementos de longitud fija [NR] |
910806s1645 sz fr 001 0 lat d |
| 010 ## - NUMERO DE CONTROL DE LA BIBLIOTECA DEL CONGRESO (LC) [NR] |
| Número de control LC [NR] |
91180348 |
| 040 ## - FUENTE DE CATALOGACION [NR] |
| Agencia de catalogación original [NR] |
DLC |
| Quien Cataloga |
Sandra Yazo (modificó) |
| Convenciones de la descripción [NR] |
dcrb |
| Quien Clasifica |
Sandra Yazo (modificó) |
| 043 ## - CODIGO DE AREA GEOGRAFICA [NR] |
| Código de área geográfica [R] |
e-it--- |
| 082 04 - NUMERO DE CLASIFICACION DECIMAL DEWEY [R] |
| Número de la edición [NR] |
20 |
| Número de clasificación [R] |
345 |
| 092 ## - SIGNATURA TOPOGRAFICA LOCAL |
| Número de clasificación local |
E26N042 |
| 100 1# - ASIENTO PRINCIPAL--NOMBRE PERSONAL [NR] |
| Nombre personal [NR] |
Giurba, Mario, |
| Fechas asociadas con el nombre [NR] |
1565-1649. |
| ID Autoridad |
37905 |
| 240 10 - TITULO UNIFORME [NR] |
| Título uniforme [NR] |
<a href="Consilia">Consilia</a> |
| 242 00 - TRADUCCION DEL TITULO POR LA AGENCIA CATALOGADORA [R] |
| Título [NR] |
Conceptos y sentencias penales |
| Parte restante del título [NR] |
Obra en la que, por vez primera, se incluyen, con claridad y en forma completa, los temas de inmunidad eclesiástica, privilegios de la Patria y todo lo relacionado con el derecho penal. |
| Mención de responsabilidad, etc. [NR] |
Mario Giurba |
| Código de idioma del título traducido [NR] |
spa |
| 245 10 - MENCION DE TITULO [NR] |
| Mención de responsabilidad, etc. [NR] |
D. Marij Giurba i.c. ... |
| Título [NR] |
Consilia, seu Decisiones criminales |
| Parte restante del título [NR] |
opus quod ecclesiae immunitatis, patriae priuilegiorum, ac totius rei criminalis tractationem, nunc primum clarè, plenéque complectitur. |
| 260 ## - PUBLICACION, DISTRIBUCION, ETC. (PIE DE IMPRENTA) [R] |
| Lugar de publicación, distribución, etc. [R] |
Coloniae Allobrogum [Ginebra] |
| Nombre del editor, distribuidor, etc. [R] |
Typis Philippi Gamonet [A expensas de Samuel Crispini] |
| Fecha de publicación, distribución, etc. [R] |
1645 |
| 300 ## - DESCRIPCION FISICA [R] |
| Extensión [R] |
[14], 630, [40] p. |
| Dimensiones [R] |
34 x 23 cm. |
| 500 ## - NOTA GENERAL [R] |
| Nota general [NR] |
Detalles físicos: Encuadernación flexible en pergamino, tapas manchadas, arrugadas y rotas. Guardas. Anteportada. Portada impresa en dos colores, con grabado (marca del impresor-editor en un óvalo, enmarcado en elementos clásicos, la célebre salamandra en llamas, emblema muy frecuente en el gremio). Dedicatoria a D. José de Nápoles, Presidente del Tribunal Real y Consejero de Felipe IV. Palabras del jurista Diego Cannata a los lectores. Elogios, en versos latinos e italianos, al autor y su obra. Texto impreso en caracteres romanos, en dos columnas, sobre papel de regular calidad. Párrafos numerados. Signaturas. Papel con muchas mancha por humedad. En la portada varias anotaciones: “Licenciado Don Francisco Ventura de Castillo y Toledo” y “Del Colegio del Rosario”. Y dos sellos de tinta: “El Colegio de Nuestra Señora del Rosario” y “Del Colegio de Nra. Sra. del Rosario”. |
| 505 2# - NOTA DE CONTENIDO CON FORMATO PREESTABLECIDO [R] |
| Nota de contenido con formato preestablecido [NR] |
100 conceptos jurídicos, explicados y fundamentados, sobre diversos temas de materia penal, relacionados con Ambos Derechos. |
| 506 ## - NOTA DE RESTRICCIONES DE ACCESO [R] |
| Condiciones de acceso [NR] |
Consulta en sala |
| 546 ## - NOTA DE IDIOMA [R] |
| Nota de idioma [NR] |
Texto en latín. |
| 650 #7 - ASIENTO SECUNDARIO DE MATERIA - TERMINO TEMATICO [R] |
| Término temático o nombre geográfico como elemento de entrada [NR] |
Conceptos (Derecho penal) |
| Subdivisión geográfica [R] |
Italia |
| 9 (RLIN) |
7429 |
| Subdivisión general [R] |
Obras anteriores a 1800 |
| 650 #7 - ASIENTO SECUNDARIO DE MATERIA - TERMINO TEMATICO [R] |
| Término temático o nombre geográfico como elemento de entrada [NR] |
Derecho penal |
| 9 (RLIN) |
34199 |
| 690 ## - ASUNTO AGREGADO LOCAL DE ENTRADA - TÉRMINO TEMÁTICO (OCLC, RLIN) |
| Acceso temático local |
Derecho |
| 942 ## - ELEMENTOS DE ENTRADA AGREGADOS (KOHA) |
| Tipo de ítem principal el descrito en 300a |
Libro |
| Edición |
1 |
| Sistema de clasificación |
DEWEY |
| Clasificación |
345 |